[Event "4NCL 2017-18"]
[Site "Northampton"]
[Date "2018.02.10"]
[Round "5"]
[White "Ivanov, Elizabeth"]
[Black "Roy, Ali"]
[Result "0-1"]
[WhiteElo "1599"]
[BlackElo "1924"]
[Annotator "NA RC"]
[PlyCount "78"]
[EventDate "2018.??.??"]
[EventCountry "GBR"]
[SourceTitle "playchess.com"]
[Source "ChessBase"]
[SourceQuality "1"]

1. e4 e6 2. d4 d5 3. exd5 exd5 4. Bd3 Bd6 5. Ne2 Nc6 6. c3 Bg4 7. f3 {C01: French: Exchange Variation} Be6 8. Bf4 Nge7 9. Nd2 Qd7 10. Qc2 O-O-O 11. b4 $146 ({Predecessor:} 11. Bxd6 Qxd6 12. b4 Ng6 13. Qa4 Kb8 14. Nb3 Nf4 15. Nxf4 Qxf4 {½-½ (32) Sedy,P (2175)-Boukal,P (2257) Czechia 2010}) 11... Kb8 12. a4 Bxf4 13. Nxf4 Bf5 14. Nb3 Bxd3 15. Qxd3 Rde8 16. Kf2 g5 ({Günstiger ist} 16... Qd6 $14 17. g3 b6) 17. Ne2 f5 18. Nc5 Qd6 19. a5 f4 20. Ra2 Qg6 (20... Ng6 $11 {hält das Gleichgewicht.}) 21. Qb5 Nd8 22. Rha1 Qc6 23. Qd3 Ne6 24. Nc1 Nxc5 25. dxc5 Ng6 26. Nb3 Re3 27. Qf1 $17 (27. Qf5 $11) 27... Rxc3 28. Nd4 Qf6 29. Rd2 Qe5 30. Re1 Re3 31. Red1 Re8 32. a6 Qf6 33. axb7 Ne5 34. Qb5 c6 35. Qa6 Qe7 36. Nxc6+ Nxc6 37. Qxc6 Re2+ 38. Kf1 Rxd2 39. Rxd2 Qe1# 0-1

[Event "4NCL 2017-18"]
[Site "Northampton"]
[Date "2018.02.11"]
[Round "6"]
[White "Jones, Gawain C B"]
[Black "Horton, Andrew P"]
[Result "1-0"]
[WhiteElo "2646"]
[BlackElo "2389"]
[Annotator "TA"]
[PlyCount "155"]
[EventDate "2018.??.??"]
[EventCountry "GBR"]
[SourceTitle "playchess.com"]
[Source "ChessBase"]
[SourceQuality "1"]

{[%evp 9,155,19,24,21,18,16,35,16,28,29,25,29,18,20,58,25,32,19,20,28,62,50,131,130,103,124,121,104,116,110,112,38,56,30,41,37,46,81,172,156,192,166,178,60,63,28,35,23,32,31,32,-37,-29,-36,-45,-136,-114,-204,-189,-162,41,41,39,0,39,0,0,-277,-8,-8,-8,-8,37,37,67,67,68,70,69,68,87,45,90,90,94,87,97,97,97,97,97,97,97,97,128,109,122,109,114,114,114,110,100,83,109,99,142,141,165,120,134,120,137,120,140,124,124,116,118,0,124,124,171,205,349,342,328,253,233,243,29967,1101,620,491,360,227,355,360,883,873,851,850,791,791,722,697,637,414]} 1. Nf3 Nf6 2. g3 b5 3. Bg2 Bb7 4. Na3 b4 5. Nc4 a5 {LiveBook: 16 Partien} 6. d3 {A05: Übergänge in verschiedene Eröffnungen} e6 7. e4 d6 $146 ({Vorgänger:} 7... Be7 8. e5 Nd5 9. O-O O-O 10. h4 d6 11. Bg5 Nc6 12. Bxe7 Ndxe7 {½-½ (41) Alekseev,E (2665)-Korobov,A (2694) Sochi 2015}) 8. O-O {Weiß steht etwas besser.} Be7 9. a3 O-O 10. axb4 axb4 11. Na5 Ba6 12. Bd2 c5 13. e5 Nd5 14. Qe2 Qc7 15. exd6 Bxd6 (15... Qxd6 $14 16. Ne5 Bf6) 16. Ng5 $1 $16 Bc8 17. Qe4 $1 $40 {[%csl Gg5][%cal Re4h7][%mdl 128] Weiss hat starken Angriff.} g6 18. Nc4 Rxa1 19. Rxa1 Be7 20. h4 (20. Qh4 $1 $16 {[%csl Gg5][%cal Rh4h7]} h5 21. g4) 20... Nc6 $14 {[%cal Bb8c6,Bc6d4,Bd4f5,Bf5d6][%mdl 32]} 21. h5 Nd4 22. hxg6 hxg6 23. Qh4 {[%csl Gg5][%cal Rh4h7]} Nf6 (23... Bxg5 $16 24. Bxg5 f6) 24. c3 $18 bxc3 25. bxc3 Nf5 26. Qh1 ({Lieber} 26. Qh2 $18) 26... Kg7 $1 $14 27. Bf4 (27. Ba8 $5 {[%cal Rd2f4]}) 27... Qd8 $1 {Droht ...Th8.} 28. Ne5 Rh8 29. Bh3 Nd6 $1 30. Ra7 (30. Nc6 $14 Qe8 31. Ra7 (31. Nxe7 Bb7 $11)) 30... Nd5 $15 31. Nc6 Qb6 32. Be5+ (32. Rxe7 $15 Nxe7 33. Nxe7) 32... Bf6 $17 33. Qf3 (33. Bxd6 $17 Bxg5 34. c4 (34. Qf3 $2 Bf6 $19)) 33... Bb7 $1 $19 {[%cal Rb7c6]} 34. Bxd6 {Droht stark Le5.} Qxc6 $2 ({Besser ist} 34... Bxg5 $19 35. Bxc5 (35. Ne5 $2 Bf6 $19) 35... Qxc6 36. Bd4+ Nf6 37. Qxc6 Bxc6) 35. Be5 $14 Bxe5 36. Qxf7+ Kh6 37. Rxb7 (37. Nf3 {is interesting.} Nf4 38. Bg2 Nh3+ 39. Bxh3 Qxf3 40. Rxb7 Qxf7 41. Rxf7 Rd8 42. Bxe6 Rxd3 43. c4) 37... Kxg5 {[#]} 38. Bg2 $2 {[%mdl 8192] [#]} (38. Re7 $1 $11 {[%mdl 512] und Weiss steht sicher.} Nxe7 39. Qxe7+ Kh6 40. Qh4+ Kg7 41. Qe7+ Kh6 42. Qh4+ Kg7 43. Qe7+ Kh6) 38... Qe8 $2 (38... Qa6 $1 $19 {[%cal Ra6a1]} 39. Bf1 Qa1) 39. Bxd5 $11 {zielt auf f4+ ab.} Qxf7 40. Rxf7 {Droht f4+ und aus.} Bxc3 41. Bxe6 {[%mdl 4096] Endspiel KTL-KTL} Kh6 42. Bd5 Rh7 43. Rf4 Rd7 44. Be4 Rd6 45. Kg2 {Und weiter mit Tf7 wäre nett.} Rf6 46. Rh4+ Kg7 47. Rg4 Kh6 48. f4 Bd4 49. Rg5 Rd6 50. Kf3 Kg7 51. Rg4 Kh6 52. Rh4+ Kg7 53. Rh1 Rb6 54. Bd5 Rd6 55. Bc4 Bf6 56. Rb1 Rd7 57. Rb6 Be7 58. Re6 Bf6 59. Kg4 Be7 60. Rc6 Bd6 61. Rc8 Bf8 62. Kf3 Be7 63. Rg8+ Kh7 64. Rc8 Kg7 65. Ke4 Bf8 66. Ke5 Ra7 (66... Be7 $142 67. Rc6 Bd8 68. Rxc5 Re7+ 69. Be6 Rc7) 67. g4 $18 Be7 68. Rg8+ Kh7 69. g5 {Schwarz muss nun f5 beachten.} Rc7 $2 (69... Ra1 $18 70. Rc8 Kg7) 70. Bd5 (70. f5 $142 gxf5 71. g6+ Kh6 72. Kxf5 Bd6 73. Rh8+ Kg7 74. Rh7+ Kf8 75. Kf6 Be7+ 76. Ke5) 70... Rd7 71. Ra8 Kg7 72. Ra6 Bd8 (72... Bf8 {ist eine bessere Verteidigung.} 73. Be6 Re7) 73. Be4 Bc7+ $2 (73... Re7+ 74. Kd5 Rd7+ 75. Kc4 Kf8 76. Rxg6 (76. Bxg6 Rd4+ 77. Kxc5 Rxf4 $18) 76... Rf7) 74. Ke6 {Weiß steht klar auf Gewinn.} Rf7 75. Ra7 Kf8 76. Bxg6 Re7+ 77. Kf5 Kg7 78. Bh5 {Precision: Weiß = 63%, Schwarz = 46%.} 1-0

[Event "4NCL 2017-18"]
[Site "Northampton"]
[Date "2018.02.11"]
[Round "6"]
[White "Edouard, Romain"]
[Black "Longson, Alexander"]
[Result "1-0"]
[WhiteElo "2613"]
[BlackElo "2307"]
[Annotator "TA"]
[PlyCount "125"]
[EventDate "2018.??.??"]
[EventCountry "GBR"]
[SourceTitle "playchess.com"]
[Source "ChessBase"]
[SourceQuality "1"]

{[%evp 20,125,-3,0,13,8,15,13,14,8,6,10,13,6,4,4,10,18,15,20,42,26,17,16,18,22,27,9,17,12,16,4,15,0,0,0,0,0,0,0,0,0,81,81,82,82,82,82,82,82,82,82,82,83,83,83,83,83,90,83,102,92,121,92,92,92,92,85,92,92,121,121,121,121,121,108,108,108,108,108,108,108,108,108,108,108,108,108,108,108,108,108,108,28,28,28,104,28,5193,2215,1177,10564,12844,12844,12849,12849,12850,12850]} 1. Nf3 d5 2. c4 e6 3. g3 dxc4 4. Qa4+ Nd7 5. Bg2 a6 6. Qxc4 b5 7. Qb3 {A13: English Opening: 1...e6} Bb7 8. O-O Ngf6 9. d3 Be7 10. Nc3 c5 (10... O-O 11. a4 b4 12. Nb1 a5 13. Qc2 c5 14. b3 Nd5 {½-½ (32) Edouard,R (2621)-Peralta,F (2556) Sitges 2017}) 11. a4 {LiveBook: 3 Games} b4 12. Nb1 O-O 13. Nbd2 $146 ({Predecessor:} 13. a5 e5 {0-1 (56) Muhtarov,L (2180)-Milovanovic,R (2435) Djakovo 1994}) 13... Ne8 14. Nc4 Nd6 15. Nxd6 Bxd6 16. Nd2 Bxg2 17. Kxg2 Rc8 18. Nc4 Nb6 19. Bg5 Be7 20. Bxe7 Qxe7 21. Rfc1 Rfd8 22. Nxb6 Qb7+ 23. Kg1 Qxb6 24. Rc4 e5 25. Rac1 g6 26. e3 Rc7 27. Qc2 {[%cal Rc4c5]} Rcd7 28. Rxc5 Rxd3 29. Rxe5 Qf6 30. Re8+ $1 Rxe8 (30... Kg7 $1 $11 {keeps the balance.} 31. Rxd8 Qxd8) 31. Qxd3 $16 Qxb2 $11 {[%mdl 4096] Endgame KQR-KQR} 32. Rb1 Qa3 33. Qxa6 b3 34. Qb5 Ra8 35. Rxb3 Qxa4 36. Qd5 Re8 37. Rb7 Qa1+ 38. Kg2 Qf6 39. g4 h6 40. Rb4 Qe6 41. Qf3 Kg7 42. h4 Rc8 43. Rd4 Rc5 44. Qb7 Qc6+ 45. Qxc6 Rxc6 $16 {KR-KR} 46. Rd5 Rc4 47. f4 Rc2+ 48. Kf3 Rc1 49. h5 gxh5 50. Rxh5 Rf1+ 51. Ke4 Ra1 52. Rd5 Ra3 53. Re5 Kf6 54. Re8 (54. Rh5 {feels hotter.} Kg6 55. Rh1 Ra8 56. Kf3 Kg7 57. Rc1) 54... Ra4+ 55. Kf3 Ra3 56. Kg3 (56. Rc8 $16) 56... Kg7 $1 $11 57. Kh4 Ra1 58. e4 (58. Re5 $1 $16) 58... Ra3 $2 {[%mdl 8192] [#]} (58... f6 $11) 59. e5 $1 $18 {White is clearly winning.} Re3 {[#]} 60. f5 $1 Kh7 61. e6 fxe6 62. Re7+ Kg8 63. Rxe6 {Precision: White = 59%, Black = 66%.} 1-0

[Event "4NCL 2017-18"]
[Site "Northampton"]
[Date "2018.02.11"]
[Round "6"]
[White "Le Roux, Jean-Pierre"]
[Black "Walton, Alan J"]
[Result "1-0"]
[WhiteElo "2554"]
[BlackElo "2184"]
[Annotator "TA"]
[PlyCount "51"]
[EventDate "2018.??.??"]
[EventCountry "GBR"]
[SourceTitle "playchess.com"]
[Source "ChessBase"]
[SourceQuality "1"]

{[%evp 14,51,41,44,63,33,45,45,50,48,58,58,59,58,86,37,44,24,12,18,15,25,95,113,135,125,136,102,169,185,267,171,395,389,29987,1184,29988,29989,29993,29994]} 1. d4 e6 2. Nf3 d5 3. Bf4 Nf6 4. e3 c5 5. c3 Qb6 6. Qb3 c4 7. Qc2 {D02: Damenbauernspiele} Bd6 8. Bg3 {LiveBook: 3 Partien} Nbd7 (8... Ne4 9. Nbd2 f5 10. b3 cxb3 11. axb3 O-O 12. Bd3 Bd7 13. Bxd6 Qxd6 14. Ne5 Nc6 {½-½ (50) Hillarp Persson,T (2511)-Grunberg,M (2389) Stockholm 2017}) 9. Nbd2 {Weiß steht etwas besser.} (9. b3 {is more complex.} cxb3 10. axb3 O-O 11. c4 Bb4+ 12. Nbd2) 9... h6 $146 ({Vorgänger:} 9... Qc7 10. b3 b5 11. Bxd6 Qxd6 12. bxc4 bxc4 13. e4 Qc6 14. e5 {0-1 (40) Williams,R (1704)-Livermore,R (1565) Cardiff 2017}) 10. Bxd6 Qxd6 11. e4 Qc7 12. e5 Ng8 13. b3 {[%cal Rb3c4]} cxb3 14. Qxb3 Ne7 15. Qa3 Nb6 16. Bd3 $36 {[%mdl 2048] Schwarz steht unter Druck.} O-O 17. O-O {[%cal Bh1f1,Bf1e1,Be1e8][%mdl 32]} f5 (17... Ng6 $11 {hält das Gleichgewicht.}) 18. exf6 $16 gxf6 19. Rac1 Nc6 20. c4 Qf4 (20... dxc4 $16 {war einen Versuch wert.} 21. Nxc4 Nd5) 21. Rfe1 $18 Rf7 (21... Bd7 {ist eine bessere Verteidigung.} 22. h3 Rf7) 22. cxd5 exd5 $2 (22... Nxd5 {war nötig.} 23. Re4 Qb8) 23. Bg6 {[#] Und weiter mit Te8+ wäre nett.} ({Nicht} 23. Re8+ Kg7 $18) 23... Rc7 $2 (23... Bg4 $18 24. Bxf7+ Kxf7) 24. Re8+ Kg7 25. Bh5 Nd7 {[#]} 26. Rxc6 $1 {[%mdl 512] Precision: Weiß = 71%, Schwarz = 37%.} 1-0

[Event "4NCL 2017-18"]
[Site "Northampton"]
[Date "2018.02.11"]
[Round "6"]
[White "Libiszewski, Fabien"]
[Black "Sadler, Matthew D"]
[Result "0-1"]
[WhiteElo "2529"]
[BlackElo "2686"]
[Annotator "TA"]
[PlyCount "64"]
[EventDate "2018.??.??"]
[EventCountry "GBR"]
[SourceTitle "playchess.com"]
[Source "ChessBase"]
[SourceQuality "1"]

{[%evp 22,64,0,0,8,0,0,0,0,0,0,0,0,-110,-118,-241,-251,-274,-241,-253,-274,-269,-264,-229,-248,-240,-210,-223,-209,-210,-169,-183,-167,-347,-371,-335,-371,-360,-359,-352,-352,-342,-339,-342,-330]} 1. e4 {[%cal Be2e4,Be4e5][%mdl 32]} e6 2. d4 d5 3. Nd2 Be7 4. Ngf3 Nf6 5. e5 Nfd7 6. Bd3 c5 7. c3 Nc6 8. O-O g5 9. dxc5 Ndxe5 {C06: Französische Verteidigung (Tarrasch-Variante)} 10. Nxe5 Nxe5 11. Nb3 Nxd3 12. Qxd3 {LiveBook: 16 Partien} f6 $146 ({Vorgänger:} 12... a5 13. f4 O-O 14. Qg3 Qc7 15. Be3 f6 16. Rf3 a4 17. Nd4 Bxc5 18. fxg5 Qxg3 19. Rxg3 {0-1 (45) Drozdowski,K (2478)-Vocaturo,D (2604) Minsk 2017}) 13. f4 gxf4 $1 14. Bxf4 e5 15. Bh6 {Droht Lg7 und aus.} Rg8 16. Qxh7 Be6 17. Bg7 (17. Be3 $11 {bleibt in der Remisbreite.}) 17... Qd7 $1 $17 {[%mdl 1024] Und weiter mit ...Txg7! wäre nett. Schwarz hat starke Kompensation.} 18. Kh1 (18. Rf2 $17 {ist eine bessere Verteidigung.} Bd8 19. Qh5+ Qf7 20. Qxf7+ Kxf7 21. Bh6) 18... Bd8 $19 19. Qg6+ Bf7 $1 {[%cal Rf7g6]} 20. Qg3 {[#]} Be7 $1 21. Na5 b6 ({Schwächer ist} 21... Bxc5 22. Rxf6 O-O-O 23. Nb3 $15) 22. cxb6 axb6 23. Nb3 Ra4 {Droht stark ...Tg4.} 24. h3 {[#]} Re4 $1 25. a4 {beabsichtigt a5.} d4 ({Bloß nicht} 25... Rxa4 26. Rxa4 Qxa4 27. Nd4) 26. cxd4 Qd5 27. a5 $2 (27. Nd2 Rxd4 28. Nf3) 27... Qxb3 28. Qxb3 Bxb3 29. dxe5 fxe5 (29... Rxg7 $2 30. exf6 Bxf6 31. Rxf6 $19) 30. axb6 Rxg7 31. b7 Bd6 32. Ra8+ Ke7 {Precision: Weiß = 43%, Schwarz = 80%.} 0-1

[Event "4NCL 2017-18"]
[Site "Northampton"]
[Date "2018.02.11"]
[Round "6"]
[White "Alsina Leal, Daniel"]
[Black "Rendle, Thomas E"]
[Result "0-1"]
[WhiteElo "2496"]
[BlackElo "2362"]
[Annotator "TA"]
[PlyCount "126"]
[EventDate "2018.??.??"]
[EventCountry "GBR"]
[SourceTitle "playchess.com"]
[Source "ChessBase"]
[SourceQuality "1"]

{[%evp 10,126,67,47,58,61,66,50,49,20,18,33,48,36,71,70,162,150,147,144,211,219,226,220,230,68,428,437,424,284,246,190,349,293,302,313,302,291,512,542,537,521,462,0,0,-99,-77,-87,-84,-92,-9,-137,-130,-165,-116,-180,-140,-131,-133,-141,-123,-252,-215,-223,-182,-179,-145,-154,-129,-575,-589,-778,-642,-617,-603,-799,-774,-1093,-998,-996,-991,-843,-881,-1699,-1596,-897,-704,-2500,-2445,-29975,-29976,-29976,-29976,-29976,-29977,-29976,-29978,-29979,-29980,-29982,-29983,-29983,-29984,-29984,-29985,-29986,-29983,-29983,-29984,-29984,-29983,-29983,-29984,-29984,-29984,-29986,-29986,-29986,-29985]} 1. e4 e6 2. d4 d5 3. Nc3 Nc6 4. e5 Nge7 5. Nf3 Nf5 (5... Bd7 6. Ne2 Nf5 7. Ng3 Nh4 8. c3 g6 9. Bf4 f6 10. Nxh4 fxe5 11. Nxg6 hxg6 12. dxe5 Qh4 13. Ne2 {½-½ (32) Karjakin,S (2753)-Jobava,B (2699) Khanty-Mansiysk 2015}) 6. h4 {LiveBook: 9 Games. C10: French with 3 Nc3: Unusual Black 3rd moves and 3...dxe4} Bb4 7. g4 Nfe7 8. h5 {White is slightly better.} h6 9. a3 Bxc3+ $1 10. bxc3 Na5 11. Bd3 b6 12. g5 Qd7 ({Black should try} 12... Bb7 $14) 13. gxh6 $18 gxh6 14. Nh2 $146 Bb7 {[#]} (14... Qc6 $16) 15. Bxh6 $1 {[%mdl 512]} Rxh6 16. Ng4 Ng8 17. Qd2 $2 (17. Nxh6 $18 Nxh6 18. Qd2) 17... Qc6 $2 {[%mdl 8192]} (17... Rh8 $14) 18. Nxh6 Nxh6 19. Qxh6 Qxc3+ 20. Ke2 {Qf6 is the strong threat.} O-O-O $2 (20... Nc6) 21. Qf4 Nc6 22. Rad1 Nxd4+ 23. Kf1 c5 $2 (23... Nxc2 {was worth a try.} 24. Qxf7 Ne1) 24. h6 c4 {[%cal Bc5c4,Bc4d3,Bd3c2][%mdl 32]} 25. h7 cxd3 26. h8=Q $2 (26. cxd3 $18 Ba6 27. Kg2 Bxd3 28. Rc1) 26... dxc2 $11 27. Qxd8+ (27. Rc1 $1 $11 Qc4+ 28. Kg2) 27... Kxd8 $17 28. Rc1 Qd3+ {[%mdl 1024] Black has strong compensation.} 29. Kg2 Qg6+ (29... Nf5 $1 $17 30. Rh8+ Kc7) 30. Qg3 (30. Kf1 $11 Nb3 31. Rh8+ Kc7 32. Rxc2+ $1 {[%mdl 512]} Qxc2 33. Qxf7+ Kc6 34. Qe8+ Kc5 35. Qc8+ $1 {[%mdl 512]} Bxc8 36. Rxc8+ Kd4 37. Rxc2) 30... Qe4+ 31. f3 Qe2+ 32. Qf2 (32. Kh3 $17 {was called for.} Qe3 33. Qh4+ Kc8 34. Qh8+ Kc7 35. Qf6) 32... Qxe5 {White must now prevent ...Qg5+.} 33. Qh4+ Kd7 34. Rhe1 Qg7+ 35. Qg4 (35. Kf2 $17) 35... Qxg4+ 36. fxg4 f6 37. Kf2 {intending Rh1.} Kd6 38. Rh1 {[#]} Ba6 $1 39. Rh7 $2 {[%mdl 8192]} (39. Ke3 $17 Ke5 40. Rh5+ f5 41. gxf5 exf5 42. a4) 39... Bd3 $19 40. Rhh1 {Strongly threatening Ke3.} Be4 41. Rh3 b5 42. Rc3 a5 {[%cal Ba7a5,Ba5b4,Bb4b3][%mdl 32]} 43. Ke3 b4 44. axb4 axb4 45. Rc8 Ke5 46. Rc7 b3 {( -> ...b2)} 47. Rb7 Bf3 48. Kd3 Ne2 49. Kd2 Nxc1 {Black mates.} 50. Kxc1 Bxg4 51. Rxb3 {[%mdl 4096] Endgame KR-KB} Bf5 52. Kd2 Be4 53. Rb8 f5 {[%cal Bf6f5,Bf5f4,Bf4f3][%mdl 32]} 54. Rf8 f4 55. Rf7 Bf5 56. Rc7 f3 57. Ke3 Be4 58. Rc5 Kf5 59. Rc8 e5 60. Rf8+ Ke6 61. Kd2 Bf5 62. Rc8 d4 63. Re8+ Kf6 {Precision: White = 49%, Black = 50%.} 0-1

[Event "4NCL 2017-18"]
[Site "Northampton"]
[Date "2018.02.11"]
[Round "6"]
[White "Tan, Justin"]
[Black "Morrison, Graham"]
[Result "1-0"]
[WhiteElo "2479"]
[BlackElo "2308"]
[Annotator "TA"]
[PlyCount "81"]
[EventDate "2018.??.??"]
[EventCountry "GBR"]
[SourceTitle "playchess.com"]
[Source "ChessBase"]
[SourceQuality "1"]

{[%evp 19,81,58,51,39,41,-7,-8,-24,-11,-67,-18,-44,-32,-67,-70,-69,-44,-38,0,0,32,14,34,0,0,0,-7,-17,-28,-46,-44,-43,-28,-35,-27,-30,-1,-25,-33,-30,-36,-39,0,-20,104,112,88,61,87,72,58,70,70,65,924,0,0,0,564,122,112,102,12838,12838]} 1. e4 c5 2. Nf3 e6 3. d4 cxd4 4. Nxd4 Nc6 5. Nc3 d6 6. Be3 Nf6 7. Qe2 {B80: Sicilian Scheveningen: 6 g3 and 6 Be3, including English Attack} (7. Qd2 Be7 8. f3 O-O 9. O-O-O d5 10. Be2 a6 11. Kb1 Qc7 12. exd5 Nxd5 13. Nxd5 exd5 14. Nb3 Rd8 15. Bg5 d4 16. h4 Be6 17. Bd3 a5 18. Bxe7 Qxe7 {½-½ (34) Giri,A (2752)-Van Wely,L (2657) Amstelveen 2017}) 7... Be7 8. O-O-O O-O 9. g4 a6 10. g5 Nxd4 {LiveBook: 3 Games} 11. Rxd4 $146 (11. Bxd4 {seems wilder.} Nd7 12. h4 b5 13. a3 Qa5 14. f4) ({Predecessor:} 11. Bxd4 Nd7 12. f4 b5 13. Rg1 b4 14. Na4 Bb7 {1-0 (24) Najer,E (2606)-Ionov,S (2538) St Petersburg 2004}) 11... Ng4 $1 {[%cal Rg4e3]} 12. h4 ({Don't play} 12. Qxg4 e5 $15) (12. Bd2 {is more complex.} b5 13. Kb1 Ne5 14. f4 Nc4 15. Qd1) 12... Nxe3 13. Qxe3 b5 14. a3 (14. Qd2 $11) 14... Bb7 15. Rg1 Rc8 16. Qd2 Qb6 17. Kb1 Rc5 18. Rg3 Rfc8 19. f4 e5 20. fxe5 Rxe5 21. Nd5 Bxd5 $1 22. exd5 Bf8 23. h5 g6 24. hxg6 hxg6 25. Rf4 Rce8 26. Ka2 Bg7 27. Rgf3 R8e7 28. Rc3 Rc7 29. Rxc7 Qxc7 30. c4 Qb7 31. Qb4 Rf5 (31... Rxg5 $11 {remains equal.} 32. cxb5 axb5) 32. Rxf5 $16 gxf5 33. Bd3 f4 34. Qxd6 bxc4 {[%csl Gg7][%cal Rb7b2] [#]} 35. Qd8+ Bf8 36. Bxc4 {aiming for d6.} f3 $2 {[%mdl 8192]} (36... Qe7 $14 37. Qxe7 Bxe7) 37. Qf6 {Strongly threatening d6.} Bg7 38. Qd8+ Bf8 39. g6 $2 {[#]} (39. d6 $18 {is the precise move to win. d7 would kill now.} Qe4 40. Qc8 (40. Bxa6 Qd5+ 41. b3 Qd2+ 42. Kb1 Qd1+ 43. Kb2 Qd2+ 44. Kb1 Qd1+ 45. Kb2 Qd2+ 46. Kb1 $11)) 39... Kg7 40. d6 Qc6 $2 {[%mdl 8192]} (40... Qe4 $16 41. Qc8 (41. Bxf7 f2 $16) 41... Bxd6) 41. Qc7 {Precision: White = 29%, Black = 39%.} 1-0

[Event "4NCL 2017-18"]
[Site "Northampton"]
[Date "2018.02.11"]
[Round "6"]
[White "Adair, James R"]
[Black "Foisor, Mihaela-Veronica"]
[Result "1-0"]
[WhiteElo "2476"]
[BlackElo "2228"]
[Annotator "TA"]
[PlyCount "61"]
[EventDate "2018.??.??"]
[EventCountry "GBR"]
[SourceTitle "playchess.com"]
[Source "ChessBase"]
[SourceQuality "1"]

{[%evp 32,61,88,89,95,90,87,86,125,127,185,195,182,187,297,261,549,534,541,511,702,677,617,680,676,647,1035,1039,1022,1010,2716,2046]} 1. e4 e6 2. d4 d5 3. Nd2 Nf6 4. e5 Nfd7 5. Bd3 c5 6. c3 Nc6 7. Ne2 cxd4 8. cxd4 f6 9. exf6 Qxf6 10. O-O Bd6 11. Nf3 h6 12. Ng3 O-O 13. Bc2 {C06: French Tarrasch: 3...Nf6 4 e5 Nfd7 5 Bd3 main lines} Rd8 14. Re1 Nf8 15. Ne5 Qh4 16. f4 {[%cal Bf2f4,Bf4f5][%mdl 32]} Bxe5 17. dxe5 {LiveBook: 15 Games} Bd7 18. Be3 Be8 19. Rc1 Kh8 $146 ({Predecessor:} 19... Rac8 20. Bb1 b6 {1-0 (97) Socko,B (2615)-Olsson,A (2416) Gothenburg 2005}) 20. Bc5 Ng6 (20... Bf7 $16 {might work better.}) 21. f5 $18 Ngxe5 22. fxe6 b6 (22... Qg5 {was called for.} 23. Rf1 Bg6) 23. Bf8 Qg5 $2 {[#]} (23... g6 24. e7 Rd6) 24. Nf5 {White is clearly winning.} Bh5 25. Bxg7+ Qxg7 26. Qxh5 Qg5 27. Qxg5 hxg5 28. e7 Re8 29. Ba4 Rac8 30. Nd6 Nd3 31. Rxc6 {Precision: White = 100%, Black = 25%.} 1-0

[Event "4NCL 2017-18"]
[Site "Northampton"]
[Date "2018.02.11"]
[Round "6"]
[White "Hebden, Mark L"]
[Black "Bentley, John L"]
[Result "1-0"]
[WhiteElo "2429"]
[BlackElo "2144"]
[Annotator "TA"]
[PlyCount "39"]
[EventDate "2018.??.??"]
[EventCountry "GBR"]
[SourceTitle "playchess.com"]
[Source "ChessBase"]
[SourceQuality "1"]

{[%evp 15,39,-16,11,-49,-5,-22,20,35,161,152,335,316,364,353,358,348,532,537,541,437,436,443,849,856,860,854]} 1. d4 Nf6 2. Bf4 g6 3. Nc3 d5 4. Qd2 Bg7 5. Bh6 O-O 6. Bxg7 Kxg7 7. f3 c5 8. e3 {D01: Veresov Opening} Nc6 {LiveBook: 4 Games} 9. g4 ({White should try} 9. Bb5 $11) (9. O-O-O Be6 10. g4 Rc8 11. Nge2 b5 12. Nxb5 Qb6 13. Nf4 c4 14. Nc3 Rb8 15. b3 cxb3 16. cxb3 {1-0 (41) Fridman,D (2616)-Miton,K (2603) Poznan 2014}) 9... Qa5 $146 ({Find the theoretical novelty and annotate with similar games:} 9... e5 10. dxe5 Nxe5 11. g5 Nh5 12. O-O-O d4 13. exd4 cxd4 {1-0 (32) Hebden,M (2467)-Murray,D (2181) Bunratty 2016}) 10. Bb5 {The position is equal.} e5 (10... h5 {NOTEXT} 11. gxh5 cxd4 12. exd4 Nxh5 13. O-O-O Bf5) 11. dxe5 Nxg4 {[#]} ({Better is} 11... Nd7 $14 12. Qxd5 Ndxe5) 12. Bxc6 $1 $18 ({Inferior is} 12. fxg4 d4 $15) 12... d4 $2 (12... bxc6 $16 13. fxg4 Bxg4) 13. exd4 cxd4 14. Qxd4 bxc6 15. fxg4 Rd8 (15... c5 $142 16. Qf4 Qb4) 16. Qf4 {White is clearly winning.} Rb8 17. Nge2 Rxb2 18. O-O Be6 (18... Qc5+ $142 19. Rf2 Qe7) 19. Qf6+ Kg8 20. Nf4 1-0